The Income tax act 1961 (Record no. 4163)

MARC details
000 -LEADER
fixed length control field 00594nam a2200193Ia 4500
003 - CONTROL NUMBER IDENTIFIER
control field IN-BaIIA
008 - FIXED-LENGTH DATA ELEMENTS--GENERAL INFORMATION
fixed length control field 211028s9999 xx 000 0 eng d
040 ## - CATALOGING SOURCE
Transcribing agency IIA Library
080 ## - UNIVERSAL DECIMAL CLASSIFICATION NUMBER
Universal Decimal Classification number 658.31
Item number AGA
100 ## - MAIN ENTRY--PERSONAL NAME
Personal name Krishna, Radha
9 (RLIN) 7325
245 #4 - TITLE STATEMENT
Title The Income tax act 1961
Statement of responsibility, etc. Radha Krishna, Virendra Singh and Das Lakshman Agarwala
260 ## - PUBLICATION, DISTRIBUTION, ETC.
Place of publication, distribution, etc. Allahabad
Name of publisher, distributor, etc. Ram Narainlal Beni Prasad Law
Date of publication, distribution, etc. 1971
300 ## - PHYSICAL DESCRIPTION
Extent xii, 248p.
650 ## - SUBJECT ADDED ENTRY--TOPICAL TERM
Topical term or geographic name entry element Central Government Rules
9 (RLIN) 7081
650 ## - SUBJECT ADDED ENTRY--TOPICAL TERM
Topical term or geographic name entry element Others Thesaurus
9 (RLIN) 637
700 ## - ADDED ENTRY--PERSONAL NAME
Personal name Agarwala, Das Lakshman
9 (RLIN) 7326
700 ## - ADDED ENTRY--PERSONAL NAME
Personal name Singh, Virendra
9 (RLIN) 7327
942 ## - ADDED ENTRY ELEMENTS (KOHA)
Koha item type Books
Holdings
Withdrawn status Lost status Damaged status Not for loan Home library Current library Shelving location Date acquired Cost, normal purchase price Total Checkouts Full call number Barcode Date last seen Cost, replacement price Price effective from Koha item type Purchase Price
        IIA Library-Bangalore IIA Library-Kodaikanal General Stacks 17/04/1973 10.00   658.31/ AGA 4646 05/11/2021 10.00 17/04/1973 Books Rs. 10.00

Powered by Koha